[Event "II Festival Lazio Scacchi A Gennaio"]
[Site "Roma ITA"]
[Date "2014.01.05"]
[Round "6"]
[White "Colantuono, Virginia"]
[Black "Marta, Daniele"]
[WhiteElo "1909"]
[BlackElo "2036"]
[Result "1/2-1/2"]
[PlyCount "26"]
[EventDate "2014.01.02"]

1. Nf3 Nf6 2. g3 b6 3. Bg2 Bb7 4. O-O e6 5. c4 Be7 6. Nc3 O-O 7. b3 d5 8. Bb2
Nbd7 9. d4 c5 10. cxd5 exd5 11. e3 Re8 12. Rc1 Nf8 13. Ne5 Ne6 1/2-1/2

[Event "II Festival Lazio Scacchi A Gennaio"]
[Site "Roma ITA"]
[Date "2014.01.05"]
[Round "6"]
[White "Stirpe, Claudio"]
[Black "Sipione, Luigi"]
[WhiteElo "2037"]
[BlackElo "1970"]
[Result "1-0"]
[PlyCount "59"]
[EventDate "2014.01.02"]

1. d4 f5 2. e4 fxe4 3. Nc3 Nf6 4. Bg5 d5 5. Bxf6 exf6 6. Qh5+ g6 7. Qxd5 Bb4 8.
Qxe4+ Kf7 9. Bc4+ Kg7 10. O-O-O Bxc3 11. bxc3 Re8 12. Qd5 Qe7 13. Nf3 Be6 14.
Qb5 c6 15. Qb3 Bxc4 16. Qxc4 Nd7 17. Rhe1 Qa3+ 18. Kb1 Nb6 19. Qb3 Qd6 20. c4
Qf4 21. Re3 Rxe3 22. fxe3 Qc7 23. d5 Rd8 24. Nd4 Qe5 25. Ne6+ Qxe6 26. dxe6
Rxd1+ 27. Kb2 c5 28. Qb5 Kf8 29. Qxc5+ Ke8 30. Qc7 1-0

[Event "II Festival Lazio Scacchi A Gennaio"]
[Site "Roma ITA"]
[Date "2014.01.05"]
[Round "6"]
[White "Rocchi, Federico"]
[Black "Elia, Alessio"]
[WhiteElo "1878"]
[BlackElo "1891"]
[Result "1-0"]
[PlyCount "81"]
[EventDate "2014.01.02"]

1. c4 d6 2. Nc3 g6 3. g3 Bg7 4. Bg2 e5 5. e4 Ne7 6. h4 h6 7. d3 Be6 8. Be3 c6
9. Nge2 d5 10. cxd5 cxd5 11. Bc5 Nbc6 12. Qa4 d4 13. Bxe7 Qxe7 14. Nd5 Bxd5 15.
exd5 Qb4+ 16. Qxb4 Nxb4 17. Kd2 Rd8 18. Rac1 Rd7 19. d6 O-O 20. Rc7 Rfd8 21.
Bxb7 Rxd6 22. a3 R6d7 23. Rhc1 Nd5 24. Bxd5 Rxd5 25. Rxa7 R5d7 26. Rxd7 Rxd7
27. Rc8+ Bf8 28. f3 f5 29. Rc4 Kf7 30. a4 g5 31. h5 g4 32. fxg4 fxg4 33. b4 Ra7
34. b5 Rb7 35. Rc6 Be7 36. Kc2 Bg5 37. b6 Ke8 38. a5 Kd7 39. Rg6 Kc8 40. a6 Rd7
41. Rc6+ 1-0

[Event "II Festival Lazio Scacchi A Gennaio"]
[Site "Roma ITA"]
[Date "2014.01.05"]
[Round "6"]
[White "Pecorari, Marcello"]
[Black "Barletta, Antonio"]
[WhiteElo "2032"]
[BlackElo "1979"]
[Result "1/2-1/2"]
[PlyCount "75"]
[EventDate "2014.01.02"]

1. e4 b6 2. d4 Bb7 3. Bd3 Nf6 4. Qe2 Nc6 5. c3 e5 6. d5 Ne7 7. Nh3 Ng6 8. O-O
Bc5 9. Nd2 O-O 10. Nb3 Bd6 11. Be3 Re8 12. Rac1 Nf4 13. Bxf4 exf4 14. Qf3 c6
15. c4 Qe7 16. Nd4 Qe5 17. Nf5 Bb8 18. Rfe1 Qxb2 19. Nxf4 Qe5 20. g3 g6 21.
Nh6+ Kg7 22. Ng4 Nxg4 23. Qxg4 Re7 24. h4 Bd6 25. h5 Rae8 26. Kg2 g5 27. h6+
Kh8 28. Nh5 Rg8 29. Ng7 Bc5 30. Nf5 Ree8 31. Rh1 Qf6 32. Rh5 d6 33. Qf3 Re5 34.
g4 Rge8 35. Nh4 Qe7 36. Nf5 Qf6 37. Nh4 Qe7 38. Nf5 1/2-1/2

[Event "II Festival Lazio Scacchi A Gennaio"]
[Site "Roma ITA"]
[Date "2014.01.05"]
[Round "6"]
[White "Golino, Giovanni"]
[Black "Puga Villarino, Eloy"]
[WhiteElo "1874"]
[BlackElo "1825"]
[Result "1-0"]
[PlyCount "129"]
[EventDate "2014.01.02"]

1. e4 c6 2. d4 d5 3. e5 Bf5 4. Nf3 e6 5. Be2 c5 6. c3 Nc6 7. O-O Qb6 8. Bd3 Bg6
9. Bxg6 hxg6 10. Qd3 Rc8 11. a3 Nh6 12. Nbd2 Nf5 13. g4 c4 14. Qe2 Nh6 15. Ng5
Be7 16. f4 Na5 17. h3 a6 18. Qf2 Kd7 19. Ngf3 Qd8 20. Qg2 Kc7 21. Rb1 Kb8 22.
b3 cxb3 23. Nxb3 Nc4 24. a4 Ng8 25. Ne1 f6 26. Nd3 Ka8 27. Nbc5 Qa5 28. Nxe6 f5
29. Ndc5 Bxc5 30. Nxc5 Rxc5 31. dxc5 Qxc5+ 32. Qf2 Qc6 33. Qf3 Ne7 34. g5 Qxa4
35. Be3 Qc2 36. Rfe1 Qxc3 37. Rbc1 Qd3 38. Kg2 Nc6 39. Rcd1 Qc2+ 40. Kg3 Qc3
41. Rc1 Qd3 42. h4 d4 43. Bf2 Qxf3+ 44. Kxf3 Nd2+ 45. Ke2 Ne4 46. Rf1 Nxf2 47.
Rxf2 Rxh4 48. e6 Rh3 49. Kd2 Kb8 50. Re2 Ne7 51. Re5 Rf3 52. Rec5 Nc6 53. Rxc6
bxc6 54. Re1 Re3 55. e7 Kc7 56. e8=Q Rxe8 57. Rxe8 c5 58. Re6 a5 59. Rxg6 c4
60. Ra6 Kb7 61. Rxa5 Kb6 62. Rxf5 c3+ 63. Kd3 Kc6 64. Kxd4 c2 65. Rc5+ 1-0

[Event "II Festival Lazio Scacchi A Gennaio"]
[Site "Roma ITA"]
[Date "2014.01.05"]
[Round "6"]
[White "Pierangeli, Andrea"]
[Black "Sindoni, Antonio"]
[WhiteElo "1926"]
[BlackElo "1911"]
[Result "0-1"]
[PlyCount "124"]
[EventDate "2014.01.02"]

1. e4 e5 2. Nf3 Nc6 3. Bc4 Nf6 4. Nc3 Nxe4 5. Nxe4 d5 6. Bb5 dxe4 7. Nxe5 Qg5
8. Nxc6 Qxb5 9. Nd4 Qe5 10. c3 Bc5 11. Ne2 O-O 12. d4 exd3 13. Qxd3 Bf5 14. Qg3
Rfe8 15. Qxe5 Rxe5 16. Be3 Bxe3 17. fxe3 Rxe3 18. Kf2 Rae8 19. Ng3 Bd7 20. Rhe1
Rxe1 21. Rxe1 Rxe1 22. Kxe1 Bc6 23. Kf2 g6 24. Ne2 Bd5 25. a3 Kf8 26. g3 Ke7
27. Ke3 f5 28. Kd4 Kd6 29. c4 c5+ 30. Kc3 Bf3 31. Nf4 g5 32. Nd3 Be4 33. Nc1 f4
34. gxf4 gxf4 35. b4 b6 36. Ne2 f3 37. Ng3 Ke5 38. bxc5 bxc5 39. a4 Bc6 40. a5
Kf4 41. Kd3 Kg4 42. Ke3 Kh3 43. Kf2 Kxh2 44. Nh5 Kh3 45. Nf4+ Kg4 46. Ne6 Kf5
47. Nxc5 Ke5 48. Ke3 h5 49. Nd3+ Kd6 50. Kd4 h4 51. Nf2 Bb7 52. Nh3 Bc8 53. Nf2
Kc6 54. Ke4 Kc5 55. Kxf3 Kxc4 56. Ke3 Kb5 57. Kd4 Kxa5 58. Kc3 Kb5 59. Kb3 Kc5
60. Kc3 Kd5 61. Kd3 Ke5 62. Ke3 a5 {...} 0-1

[Event "II Festival Lazio Scacchi A Gennaio"]
[Site "Roma ITA"]
[Date "2014.01.05"]
[Round "6"]
[White "Simeone, Giulio"]
[Black "Medori, Marco"]
[WhiteElo "2018"]
[BlackElo "1914"]
[Result "1-0"]
[PlyCount "25"]
[EventDate "2014.01.02"]

1. c4 e5 2. Nc3 f5 3. e3 Nc6 4. d4 exd4 5. exd4 Nf6 6. Nf3 Bb4 7. Bd3 d5 8. O-O
O-O 9. cxd5 Nxd5 10. Bg5 Be7 11. Nxd5 Bxg5 12. Nxc7 Bf6 13. Nxa8 1-0

[Event "II Festival Lazio Scacchi A Gennaio"]
[Site "Roma ITA"]
[Date "2014.01.05"]
[Round "6"]
[White "Molinari, Carlo"]
[Black "Sabetta, Alessandro"]
[WhiteElo "1913"]
[BlackElo "1962"]
[Result "0-1"]
[PlyCount "156"]
[EventDate "2014.01.02"]

1. d4 Nf6 2. Nf3 g6 3. g3 Bg7 4. Bg2 O-O 5. O-O d5 6. b3 c5 7. Bb2 Ne4 8. Nbd2
Nc6 9. e3 cxd4 10. Nxd4 Nxd4 11. exd4 Nxd2 12. Qxd2 Be6 13. Rfe1 Qd7 14. Bf1
Bf6 15. c4 Rac8 16. c5 Bg4 17. b4 h5 18. h4 Bf3 19. Qf4 Qg4 20. Qxg4 Bxg4 21.
Bg2 e6 22. b5 Bf5 23. Rac1 Rc7 24. a4 Bd3 25. Bf1 Bxf1 26. Kxf1 a6 27. f4 Ra8
28. Ra1 Kf8 29. Ke2 Ke8 30. Kd3 Kd7 31. Bc3 Rcc8 32. Reb1 a5 33. b6 Ra6 34. Rb5
Rca8 35. Rg1 Be7 36. g4 Bxh4 37. gxh5 gxh5 38. Rg7 Ke7 39. Rh7 Bg3 40. Rxh5
Bxf4 41. Be1 Rg8 42. Rxa5 Rxa5 43. Bxa5 Ra8 44. Be1 Rxa4 45. Bh4+ Kd7 46. Rh7
Ra3+ 47. Kc2 Ke8 48. Bf6 Rf3 49. Rh8+ Kd7 50. Rf8 Kc6 51. Rxf7 Bg3 52. Rf8 Kb5
53. c6 Kxc6 54. Rf7 Rf2+ 55. Kb3 Kxb6 56. Bd8+ Ka6 57. Rg7 Bd6 58. Rg6 Rf3+ 59.
Kc2 Re3 60. Kd2 Re4 61. Kd3 Kb5 62. Rg2 Kc6 63. Rc2+ Kd7 64. Bb6 Rg4 65. Re2
Rg3+ 66. Kc2 Rh3 67. Re1 Rh2+ 68. Kb3 Rh6 69. Ba5 Rh3+ 70. Ka4 Rh2 71. Kb3 Rh4
72. Bb6 Rh3+ 73. Kc2 Ke7 74. Ra1 Kf6 75. Rf1+ Ke7 76. Ra1 Kd7 77. Rf1 Kc6 78.
Rf6 Kxb6 0-1

[Event "II Festival Lazio Scacchi A Gennaio"]
[Site "Roma ITA"]
[Date "2014.01.06"]
[Round "7"]
[White "Drasko, Milan"]
[Black "Trebeschi, Andrea"]
[WhiteElo "2457"]
[BlackElo "2020"]
[Result "1-0"]
[PlyCount "75"]
[EventDate "2014.01.02"]

1. Nf3 d6 2. d4 Nf6 3. g3 g6 4. Bg2 Bg7 5. O-O O-O 6. c4 c6 7. Nc3 Nbd7 8. e4
e5 9. Qc2 Re8 10. Rd1 Qa5 11. h3 a6 12. Be3 Qc7 13. c5 dxc5 14. dxc5 Nf8 15.
Rd2 Nh5 16. Na4 Be6 17. Nb6 Rad8 18. Nc4 Bxc4 19. Qxc4 Rxd2 20. Bxd2 Ne6 21. b4
Rd8 22. Bc3 Nd4 23. Rd1 Nxf3+ 24. Bxf3 Rxd1+ 25. Bxd1 Nf6 26. Bb3 Qe7 27. Kg2
Nd7 28. Qe2 Bf6 29. Qg4 Kg7 30. a3 h5 31. Qe2 Nf8 32. f4 exf4 33. e5 Bg5 34. h4
Bh6 35. e6+ f6 36. g4 hxg4 37. Qxg4 g5 38. hxg5 1-0

[Event "II Festival Lazio Scacchi A Gennaio"]
[Site "Roma ITA"]
[Date "2014.01.06"]
[Round "7"]
[White "Stirpe, Claudio"]
[Black "Lanzani, Mario"]
[WhiteElo "2037"]
[BlackElo "2305"]
[Result "1/2-1/2"]
[PlyCount "53"]
[EventDate "2014.01.02"]

1. d4 d5 2. c4 dxc4 3. e4 Nc6 4. Nf3 Bg4 5. Be3 Nf6 6. Nc3 Bxf3 7. gxf3 e5 8.
d5 Ne7 9. Bxc4 a6 10. a4 Ng6 11. Qb3 Bd6 12. O-O-O O-O 13. Bg5 h6 14. Be3 b6
15. h4 Nh5 16. Rdg1 Ngf4 17. Ne2 Nxe2+ 18. Bxe2 Kh7 19. Qc3 g6 20. f4 Nxf4 21.
Bxf4 exf4 22. h5 Qe7 23. hxg6+ fxg6 24. Rxh6+ Kxh6 25. Rh1+ Kg5 26. Rg1+ Kh6
27. Rh1+ 1/2-1/2

[Event "II Festival Lazio Scacchi A Gennaio"]
[Site "Roma ITA"]
[Date "2014.01.06"]
[Round "7"]
[White "Albertini, Luca"]
[Black "Colantuono, Virginia"]
[WhiteElo "2148"]
[BlackElo "1909"]
[Result "1/2-1/2"]
[PlyCount "36"]
[EventDate "2014.01.02"]

1. d4 Nf6 2. e3 g6 3. Bd3 Bg7 4. f4 d5 5. Nf3 Nbd7 6. Nbd2 c5 7. c3 O-O 8. O-O
b6 9. Qe1 e6 10. h3 Ne8 11. Ne5 Bb7 12. Ndf3 Nd6 13. Kh2 Ne4 14. Nxd7 Qxd7 15.
g4 a5 16. g5 Ba6 17. Bxa6 Rxa6 18. Ne5 Bxe5 1/2-1/2

[Event "II Festival Lazio Scacchi A Gennaio"]
[Site "Roma ITA"]
[Date "2014.01.06"]
[Round "7"]
[White "Marta, Daniele"]
[Black "Palermo, Stefano"]
[WhiteElo "2036"]
[BlackElo "2121"]
[Result "0-1"]
[PlyCount "68"]
[EventDate "2014.01.02"]

1. d4 Nf6 2. c4 c5 3. Nf3 cxd4 4. Nxd4 e5 5. Nb5 d5 6. cxd5 Bc5 7. N1c3 a6 8.
Na3 b5 9. Nc2 Qa5 10. b4 Bxb4 11. Nxb4 Qxb4 12. Qb3 Nxd5 13. Bd2 Qxb3 14. axb3
Nxc3 15. Bxc3 Nc6 16. e3 Bb7 17. Be2 O-O 18. O-O Rfd8 19. Bf3 f6 20. Rfc1 Rac8
21. Bg4 Ra8 22. Bf3 Rd6 23. Bb2 Nd8 24. Ba3 Rd3 25. Rd1 Rxb3 26. Bg4 b4 27.
Rxd8+ Rxd8 28. Be6+ Kf8 29. Bxb3 bxa3 30. Kf1 Rd3 31. Bc2 Rd2 32. Bxh7 a2 33.
Ke1 Rb2 34. Bd3 e4 0-1

[Event "II Festival Lazio Scacchi A Gennaio"]
[Site "Roma ITA"]
[Date "2014.01.06"]
[Round "7"]
[White "Machidon, Cristi"]
[Black "Rocchi, Federico"]
[WhiteElo "1877"]
[BlackElo "1878"]
[Result "1-0"]
[PlyCount "75"]
[EventDate "2014.01.02"]

1. d4 g6 2. e4 Bg7 3. Nf3 c5 4. Be3 Nc6 5. Nc3 cxd4 6. Nxd4 d6 7. Qd2 Bd7 8.
O-O-O Nf6 9. f3 a6 10. g4 h5 11. g5 Nh7 12. Nd5 O-O 13. h4 Rb8 14. f4 Bg4 15.
Re1 e6 16. Nc3 Qc7 17. Be2 Bxe2 18. Ncxe2 Rfd8 19. f5 Nxd4 20. Nxd4 e5 21. fxg6
exd4 22. gxh7+ Kxh7 23. Bxd4 Be5 24. Rhf1 Rd7 25. Qd1 Qa5 26. Qxh5+ Kg8 27. g6
f6 28. Kb1 Rbd8 29. Bxe5 dxe5 30. Rc1 Qd2 31. Qf3 Rd6 32. h5 Kg7 33. Qb3 R8d7
34. Rh1 Kh6 35. Qg8 Kg5 36. b3 a5 37. g7 a4 38. Qh7 1-0

[Event "II Festival Lazio Scacchi A Gennaio"]
[Site "Roma ITA"]
[Date "2014.01.06"]
[Round "7"]
[White "Wollenweber, Carsten"]
[Black "Castelfranchi, Carlo"]
[WhiteElo "2131"]
[BlackElo "2052"]
[Result "1/2-1/2"]
[PlyCount "103"]
[EventDate "2014.01.02"]

1. e4 Nf6 2. e5 Nd5 3. d4 d6 4. Nf3 Bg4 5. Be2 e6 6. O-O Be7 7. c4 Nb6 8. Be3
O-O 9. Nc3 Nc6 10. exd6 cxd6 11. b3 d5 12. c5 Nc8 13. a3 Bf6 14. Rc1 N8e7 15.
h3 Bxf3 16. Bxf3 Nf5 17. Ne2 Bg5 18. Bxg5 Qxg5 19. Rc3 Rad8 20. Bg4 Rfe8 21. f4
Qf6 22. Rd3 b6 23. b4 Rc8 24. Bxf5 exf5 25. Nc3 Qe6 26. Nb5 Re7 27. Nd6 Rd8 28.
Qa4 Nxd4 29. Rxd4 Qe3+ 30. Kh2 Qxd4 31. Nxf5 Qe4 32. Nxe7+ Qxe7 33. c6 d4 34.
Qd1 Qc7 35. b5 d3 36. Qd2 h6 37. Rf3 Qd6 38. a4 Kf8 39. Rg3 g5 40. Qc3 Qc7 41.
Rxd3 Qxf4+ 42. Kg1 Rxd3 43. Qxd3 Qc1+ 44. Qf1 Qc5+ 45. Qf2 Qe5 46. Qd2 f5 47.
Qd8+ Kf7 48. Qd7+ Kf6 49. c7 Qe3+ 50. Kh1 Qc1+ 51. Kh2 Qf4+ 52. Kg1 1/2-1/2

[Event "II Festival Lazio Scacchi A Gennaio"]
[Site "Roma ITA"]
[Date "2014.01.06"]
[Round "7"]
[White "Sindoni, Antonio"]
[Black "Pecorari, Marcello"]
[WhiteElo "1911"]
[BlackElo "2032"]
[Result "0-1"]
[PlyCount "62"]
[EventDate "2014.01.02"]

1. e4 c5 2. Nf3 d6 3. d4 cxd4 4. Nxd4 Nf6 5. Nc3 Nc6 6. Bc4 e6 7. Be3 Be7 8.
Qe2 O-O 9. Bb3 a6 10. O-O-O Qc7 11. g4 Nxd4 12. Rxd4 b5 13. g5 Nd7 14. f4 Nc5
15. f5 Nxb3+ 16. axb3 exf5 17. Nd5 Qd8 18. Rg1 Be6 19. Nf6+ Bxf6 20. gxf6 Qxf6
21. Rxd6 g6 22. exf5 Qxf5 23. Rf1 Qe4 24. Rd4 Qc6 25. Kb1 Rfc8 26. Rfd1 Bf5 27.
R1d2 Qe6 28. Rd6 Qxb3 29. Bd4 Re8 30. Qf2 Rac8 31. Bf6 Rxc2 0-1

[Event "II Festival Lazio Scacchi A Gennaio"]
[Site "Roma ITA"]
[Date "2014.01.06"]
[Round "7"]
[White "Barletta, Antonio"]
[Black "Golino, Giovanni"]
[WhiteElo "1979"]
[BlackElo "1874"]
[Result "1-0"]
[PlyCount "107"]
[EventDate "2014.01.02"]

1. e4 e6 2. d4 d5 3. Nc3 Bb4 4. exd5 exd5 5. Bd3 Nf6 6. a3 Bxc3+ 7. bxc3 O-O 8.
Ne2 Bg4 9. f3 Bh5 10. O-O Bg6 11. Ng3 Qd7 12. Rb1 c6 13. Bg5 Bxd3 14. cxd3 Ne8
15. Re1 f6 16. Bf4 b5 17. Rb2 Na6 18. Rbe2 Rf7 19. Nf1 Nec7 20. Nd2 Re8 21.
Bxc7 Nxc7 22. Nb3 Rfe7 23. Nc5 Rxe2 24. Rxe2 Qf7 25. Qe1 Rxe2 26. Qxe2 Qe8 27.
Qxe8+ Nxe8 28. Kf2 Nd6 29. Ne6 Nb7 30. Ke3 Kf7 31. Nc7 a5 32. f4 g6 33. f5 gxf5
34. Kf4 Nd6 35. Na6 Nb7 36. Kxf5 h5 37. Nc5 Nd8 38. Nd7 b4 39. cxb4 axb4 40.
axb4 Nb7 41. Nxf6 Nd6+ 42. Ke5 Ke7 43. Nxh5 Ne8 44. g4 Nc7 45. h4 Na6 46. g5
Nxb4 47. Nf4 Na6 48. h5 Nc7 49. h6 Kf7 50. g6+ Kg8 51. h7+ Kh8 52. Ne6 Ne8 53.
Ng5 c5 54. Nf7+ 1-0

[Event "II Festival Lazio Scacchi A Gennaio"]
[Site "Roma ITA"]
[Date "2014.01.06"]
[Round "7"]
[White "Sipione, Luigi"]
[Black "Elia, Alessio"]
[WhiteElo "1970"]
[BlackElo "1891"]
[Result "1-0"]
[PlyCount "80"]
[EventDate "2014.01.02"]

1. d4 d6 2. e4 Nf6 3. Nc3 g6 4. Nf3 Bg7 5. Be2 O-O 6. O-O Nc6 7. h3 e5 8. Be3
Re8 9. dxe5 Nxe5 10. Nd4 Bd7 11. Qd2 Nc6 12. f3 Nh5 13. Nxc6 Bxc6 14. Bg5 Qd7
15. Bc4 b5 16. Bd5 b4 17. Nd1 Rab8 18. Be3 a5 19. Bd4 Bxd5 20. exd5 Ng3 21. Rf2
Bxd4 22. Qxd4 Re1+ 23. Kh2 Nf1+ 24. Kg1 Ne3+ 25. Kh2 Qb5 26. Nxe3 Rxa1 27. Ng4
Qb6 28. Nf6+ Kh8 29. Qh4 Kg7 30. Nd7 Qa7 31. Nxb8 Qxb8 32. Qd4+ f6 33. Re2 Qf8
34. g4 h5 35. g5 Rc1 36. gxf6+ Kg8 37. Qf4 Rd1 38. Re7 Kh8 39. Rg7 Rd2+ 40. Kg3
h4+ 1-0

[Event "II Festival Lazio Scacchi A Gennaio"]
[Site "Roma ITA"]
[Date "2014.01.06"]
[Round "7"]
[White "Sabetta, Alessandro"]
[Black "Simeone, Giulio"]
[WhiteElo "1962"]
[BlackElo "2018"]
[Result "1-0"]
[PlyCount "57"]
[EventDate "2014.01.02"]

1. e4 c6 2. d4 d5 3. Nd2 dxe4 4. Nxe4 Nf6 5. Nxf6+ exf6 6. c3 Bd6 7. Bd3 O-O 8.
Qc2 Re8+ 9. Ne2 g6 10. h4 Be6 11. h5 f5 12. hxg6 fxg6 13. Bh6 Qa5 14. Bd2 Qc7
15. O-O-O b5 16. c4 Qf7 17. c5 Bf8 18. g4 fxg4 19. Nf4 Bf5 20. Bxf5 gxf5 21.
Rh5 Nd7 22. Rg5+ Kh8 23. Rh1 Bg7 24. Rxf5 Qxa2 25. Rxh7+ Kg8 26. Rxg7+ Kxg7 27.
Rg5+ Kf6 28. Qf5+ Ke7 29. Rg7+ 1-0

[Event "V Festival A"]
[Site "Roseto degli Abruzzi ITA"]
[Date "2014.01.03"]
[Round "1"]
[White "Bentivegna, Francesco"]
[Black "Schiatti, Piero"]
[WhiteElo "2302"]
[BlackElo "1959"]
[Result "1-0"]
[PlyCount "25"]
[EventDate "2014.01.03"]

1. e4 c5 2. Nf3 Nc6 3. c3 d5 4. exd5 Qxd5 5. d4 Bg4 6. Be2 e6 7. h3 Bh5 8. c4
Qd8 9. d5 exd5 10. g4 Bg6 11. cxd5 Nb4 12. Bb5+ Ke7 13. Qe2+ 1-0

[Event "V Festival A"]
[Site "Roseto degli Abruzzi ITA"]
[Date "2014.01.03"]
[Round "1"]
[White "Cafaro, Luca"]
[Black "Milchev, Nikolay"]
[WhiteElo "1975"]
[BlackElo "2457"]
[Result "0-1"]
[PlyCount "116"]
[EventDate "2014.01.03"]

1. e4 d5 2. exd5 Qxd5 3. Nc3 Qd6 4. Bc4 Nf6 5. d4 a6 6. Nf3 b5 7. Bb3 Bb7 8.
Ne2 e6 9. Nf4 c5 10. dxc5 Qxd1+ 11. Kxd1 Bxc5 12. Nd3 Bb6 13. Re1 Nbd7 14. Ke2
O-O 15. Kf1 Rfd8 16. Bf4 Rac8 17. Nfe5 Nxe5 18. Nxe5 Nd5 19. Bg3 Kf8 20. c4
bxc4 21. Nxc4 Bc7 22. Bxc7 Rxc7 23. Rad1 Ke7 24. Rd4 g5 25. Red1 Rdc8 26. Ne3
Nf6 27. Nc4 Bc6 28. Kg1 Nd5 29. Ne5 Bb7 30. Nc4 Nf4 31. Nb6 Ne2+ 32. Kf1 Nxd4
33. Nxc8+ Rxc8 34. Rxd4 Rc1+ 35. Bd1 Bd5 36. a3 Rb1 37. b4 Ra1 38. a4 Bb3 39.
Ke2 Bxa4 40. Bxa4 Rxa4 41. h4 h6 42. hxg5 hxg5 43. Ke3 Ra3+ 44. Ke2 f5 45. Rd2
g4 46. Rb2 f4 47. b5 axb5 48. Rxb5 Ra2+ 49. Ke1 Ra1+ 50. Ke2 Rg1 51. Rg5 Rxg2
52. Kf1 f3 53. Rh5 Kf6 54. Rh8 e5 55. Rh6+ Kg5 56. Rh8 g3 57. fxg3 e4 58. Rh4
e3 0-1

[Event "V Festival A"]
[Site "Roseto degli Abruzzi ITA"]
[Date "2014.01.03"]
[Round "1"]
[White "Calavalle, Giulio"]
[Black "Forlano, Luigi"]
[WhiteElo "2215"]
[BlackElo "1945"]
[Result "1-0"]
[PlyCount "85"]
[EventDate "2014.01.03"]

1. e4 Nf6 2. Nc3 e5 3. Bc4 Nc6 4. Nge2 Nxe4 5. Nxe4 d5 6. Bxd5 Qxd5 7. N2c3 Qd8
8. d3 Be7 9. O-O O-O 10. f4 f5 11. Ng3 Bc5+ 12. Kh1 exf4 13. Bxf4 g5 14. Bd2
Ne5 15. d4 Qxd4 16. Bxg5 Ng4 17. Qxd4 Bxd4 18. h3 Nf2+ 19. Kh2 Bxc3 20. bxc3
Ne4 21. Nxe4 fxe4 22. Rxf8+ Kxf8 23. Re1 Bd7 24. Rxe4 Re8 25. Rf4+ Kg7 26. Rf2
Re6 27. a3 Ra6 28. Be7 Re6 29. Bc5 Bb5 30. Bd4+ Kg6 31. h4 h5 32. Rf4 Bc6 33.
g4 Re4 34. Rf6+ Kh7 35. Rf7+ Kg8 36. Rg7+ Kf8 37. Rg5 Re2+ 38. Kh3 hxg4+ 39.
Kg3 Rg2+ 40. Kf4 g3 41. h5 Rf2+ 42. Bxf2 gxf2 43. Rf5+ 1-0

[Event "V Festival A"]
[Site "Roseto degli Abruzzi ITA"]
[Date "2014.01.03"]
[Round "1"]
[White "Chiarion, Elisa"]
[Black "Pescatore, Lorenzo"]
[WhiteElo "1950"]
[BlackElo "2238"]
[Result "0-1"]
[PlyCount "52"]
[EventDate "2014.01.03"]

1. e4 c5 2. Nf3 g6 3. d4 cxd4 4. Nxd4 Nc6 5. Nc3 Bg7 6. Be3 Nf6 7. Nxc6 bxc6 8.
e5 Ng8 9. Bd4 f6 10. exf6 Nxf6 11. h4 d6 12. Qf3 e5 13. Qxc6+ Bd7 14. Qxd6 exd4
15. O-O-O Qe7 16. Qxd4 O-O 17. Bc4+ Kh8 18. h5 gxh5 19. Rhe1 Qb4 20. a3 Qa5 21.
Re7 Bc6 22. Qd6 Qb6 23. Qg3 Bh6+ 24. Kb1 Rae8 25. Rde1 Rxe7 26. Rxe7 Qc5 0-1

[Event "V Festival A"]
[Site "Roseto degli Abruzzi ITA"]
[Date "2014.01.03"]
[Round "1"]
[White "Difronzo, Andrea"]
[Black "Marholev, Dimitar"]
[WhiteElo "1963"]
[BlackElo "2321"]
[Result "0-1"]
[PlyCount "98"]
[EventDate "2014.01.03"]

1. e4 e5 2. Nf3 Nc6 3. Bc4 Nf6 4. d3 h6 5. O-O d6 6. c3 g6 7. h3 Bg7 8. Be3 O-O
9. Bb3 Na5 10. Bc2 c5 11. Nbd2 Nc6 12. Re1 b6 13. d4 exd4 14. cxd4 Nb4 15. Bb1
Re8 16. a3 Nc6 17. d5 Nb8 18. Bd3 Ba6 19. Bxa6 Nxa6 20. Qc2 b5 21. Rad1 Rc8 22.
Bf4 Qb6 23. Nf1 Nd7 24. N3h2 Ne5 25. Bxe5 dxe5 26. Ne3 c4 27. Qe2 Nc5 28. Qf3
Nd3 29. Re2 Qf6 30. g3 Qxf3 31. Nxf3 Nc5 32. Nd2 Red8 33. f3 h5 34. g4 hxg4 35.
hxg4 Bh6 36. Ndf1 Nb3 37. Kg2 Nd4 38. Rf2 Kg7 39. Nc2 Nb3 40. Na1 Nc5 41. Rc2
a5 42. Ng3 Be3 43. Ne2 Nb7 44. Rc3 Bg5 45. Ng1 b4 46. Rc2 b3 47. Re2 a4 48. Nh3
Be7 49. Rc1 c3 0-1

[Event "V Festival A"]
[Site "Roseto degli Abruzzi ITA"]
[Date "2014.01.03"]
[Round "1"]
[White "Gilevych, Artem"]
[Black "Arnetta, Maria Teresa"]
[WhiteElo "2353"]
[BlackElo "1971"]
[Result "1-0"]
[PlyCount "89"]
[EventDate "2014.01.03"]

1. d4 d5 2. Nf3 Nf6 3. c4 dxc4 4. e3 Bg4 5. Bxc4 e6 6. h3 Bh5 7. Nc3 Nbd7 8.
O-O Bb4 9. Qe2 Bxc3 10. bxc3 c5 11. e4 O-O 12. Rd1 Qc7 13. Bd3 e5 14. g4 Bg6
15. dxe5 c4 16. Bc2 Nxe5 17. Nd4 Nd3 18. f3 Nxc1 19. Raxc1 h5 20. Qh2 Qa5 21.
Bb1 Rfe8 22. Qg3 Rad8 23. Re1 hxg4 24. hxg4 Qg5 25. Kg2 Qd2+ 26. Qf2 Qg5 27.
Rcd1 Nh5 28. Rh1 Nf4+ 29. Kf1 Ne6 30. Qd2 Qe5 31. Qh2 Qxh2 32. Rxh2 Nc5 33. Bc2
Rd6 34. a4 Red8 35. Kf2 f6 36. Ke3 Be8 37. Ra1 Rb6 38. a5 Rb2 39. Rf2 Kf7 40.
f4 Bc6 41. e5 Nd3 42. Bxd3 Rxf2 43. Bxc4+ Bd5 44. Bxd5+ Rxd5 45. e6+ 1-0

[Event "V Festival A"]
[Site "Roseto degli Abruzzi ITA"]
[Date "2014.01.03"]
[Round "1"]
[White "Lateana, Domenico"]
[Black "Scalcione, Michelangelo"]
[WhiteElo "1966"]
[BlackElo "2335"]
[Result "1/2-1/2"]
[PlyCount "46"]
[EventDate "2014.01.03"]

1. e4 d6 2. d4 Nf6 3. Nc3 c6 4. f4 Qa5 5. Bd3 e5 6. Nf3 Bg4 7. dxe5 dxe5 8. h3
Bxf3 9. Qxf3 Nbd7 10. Bd2 Qc7 11. f5 h5 12. g3 b5 13. a3 Nc5 14. Be2 a5 15. g4
h4 16. Qg2 Rd8 17. g5 Nh5 18. Bxh5 Rxh5 19. g6 f6 20. Be3 b4 21. axb4 axb4 22.
Na4 Ra8 23. Qe2 Rxa4 1/2-1/2

[Event "V Festival A"]
[Site "Roseto degli Abruzzi ITA"]
[Date "2014.01.03"]
[Round "1"]
[White "Sibilio, Mario"]
[Black "Baroni, Alessandro"]
[WhiteElo "2327"]
[BlackElo "1964"]
[Result "1-0"]
[PlyCount "107"]
[EventDate "2014.01.03"]

1. d4 d5 2. Nf3 Nf6 3. c4 e6 4. Bg5 Be7 5. Nc3 c6 6. Qb3 Nbd7 7. g3 h6 8. Bxf6
Nxf6 9. Bg2 O-O 10. O-O b6 11. Rfd1 Ba6 12. cxd5 cxd5 13. Nb5 Bxb5 14. Qxb5 Qd7
15. a4 a6 16. Qb3 Rfc8 17. Rdc1 Qd6 18. Ne5 Qb4 19. Qxb4 Bxb4 20. Nc6 Bc5 21.
dxc5 Rxc6 22. cxb6 Rxb6 23. Rc2 Rab8 24. Ra2 Rb4 25. a5 Nd7 26. f4 R8b5 27.
Rc8+ Kh7 28. Rc7 Rb7 29. Rxb7 Rxb7 30. e4 Nf6 31. Bf1 Ra7 32. e5 Ng4 33. h3 Ne3
34. Bd3+ g6 35. Kf2 Nf5 36. Ra4 Ne7 37. Rb4 Nc6 38. Rb6 Nxa5 39. Rxa6 Rxa6 40.
Bxa6 Kg7 41. Ke3 Kf8 42. Bb5 Nb3 43. Ba4 Nc5 44. Bc2 Ke7 45. b4 Nd7 46. Kd4 Kd8
47. g4 g5 48. f5 Kc7 49. Ba4 Nb8 50. Kc5 Nd7+ 51. Kd4 Nb8 52. b5 Kb6 53. Bb3
Kxb5 54. Bxd5 1-0

[Event "V Festival A"]
[Site "Roseto degli Abruzzi ITA"]
[Date "2014.01.04"]
[Round "2"]
[White "Di Pietro, Gabriele"]
[Black "Calavalle, Giulio"]
[WhiteElo "1872"]
[BlackElo "2215"]
[Result "0-1"]
[PlyCount "94"]
[EventDate "2014.01.03"]

1. e4 c5 2. Nf3 d6 3. h3 a6 4. Bc4 e6 5. a4 Nf6 6. d3 Nc6 7. Nc3 Be7 8. O-O O-O
9. Bf4 d5 10. exd5 exd5 11. Bb3 Na5 12. Ba2 d4 13. Nb1 b5 14. axb5 axb5 15.
Nbd2 Bb7 16. Re1 Nd5 17. Bxd5 Bxd5 18. Ne4 Qb6 19. Ne5 Be6 20. Qe2 Rae8 21. Nf3
Nb7 22. Nfg5 Bf5 23. Nf3 f6 24. Ng3 Bd7 25. Qf1 Nd6 26. Re2 g5 27. Bxd6 Bxd6
28. Ne4 Bb8 29. Rae1 Kg7 30. Ng3 Qd8 31. Rxe8 Rxe8 32. Rxe8 Qxe8 33. Ne4 Bc6
34. Ned2 Bf4 35. Qd1 Qe6 36. Nf1 Bd6 37. Qe1 Qxe1 38. Nxe1 f5 39. Nd2 Bd5 40.
Kf1 Kf6 41. Ke2 h5 42. Nef3 g4 43. hxg4 fxg4 44. Ne1 h4 45. Kf1 c4 46. Kg1 Bb4
47. dxc4 Bxd2 0-1